| 000 | 00407nam a2200145Ia 4500 | ||
|---|---|---|---|
| 008 | 151021s9999 xx 000 0 und d | ||
| 020 | _a9.7800745151e+012 | ||
| 050 | _aTX911.3A271982 | ||
| 245 | _a_Hotel Front Office Training Manual | ||
| 260 | _aIndia Tata McGraw-hill 1982 | ||
| 300 | _axii,176p;ill. | ||
| 500 | _aIncludes index | ||
| 650 | _a_Front office | ||
| 980 | _a^d20110120 02:56:10^okorir | ||
| 999 |
_c6291 _d6291 |
||